000 00544nmm a2200157Ia 4500
008 251105s9999||||xx |||||||||||||||||und||
020 _a9972425029
041 _aspa
100 _aGelles, Paul
245 0 _aAgua y poder en la sierra peruana: La historia y política cultural del riego, rito y desarrollo
264 _a[Lima, Peru] :
_bPontificia Universidad Católica de Perú,
_c2002
300 _a239 páginas
650 _aHistory of the Americas: Latin America
856 _uhttps://public.digitaliapublishing.com/a/9698
942 _cCF
999 _c98268
_d98268